Hiawatha National Forest : proposed land and resource management plan.

Bibliographic Details
Corporate Author: United States. Forest Service. Eastern Region
Format: Government Document Map
Language:English
Published: Milwaukee, Wis. : Forest Service, Dept. of Agriculture, 1985.
Subjects:

MARC

Tag First Indicator Second Indicator Subfields
LEADER 00000cem a2200000 a 4500
001 in00000854530
005 20151019073108.0
007 aj canzn
008 860130s1985 wiu cpeb f 0 eng d
010 |a gp 86007835  
034 1 |a a  |b 126720  |d W0871500  |e W0861500  |f N0463700  |g N0453300 
034 1 |a a  |b 253440 
035 |a (OCoLC)13083376 
035 |9 AEE1557AM 
040 |a GPO  |c GPO  |d UtOrBLW 
052 |a 4112  |b H5 
074 |a 80-F 
086 0 |a A 13.92/2:H 52/prop./map/alt.1-7 
086 0 |a A 13.92/2:H 52/map/forest 
086 0 |a A 13.92/2:H 52/map/east 
086 0 |a A 13.92/2:H 52/map/west 
110 1 |a United States.  |b Forest Service.  |b Eastern Region. 
245 1 0 |a Hiawatha National Forest :  |b proposed land and resource management plan. 
255 |a Scale [1:126,720] and [1:253,440] ;  |b polyconic proj.  |c (W 8715ʹ--W 8615ʹ/N 4637ʹ--N 4533'). 
264 1 |a Milwaukee, Wis. :  |b Forest Service, Dept. of Agriculture,  |c 1985. 
300 |a 10 maps :  |b color ;  |c 43 x 33 cm. and 80 x 65 cm. on sheets 46 x 68 cm. and 99 x 91 cm. folded to 23 x 21 cm. 
336 |a cartographic image  |b cri  |2 rdacontent 
337 |a unmediated  |b n  |2 rdamedia 
338 |a sheet  |b nb  |2 rdacarrier 
500 |a Maps include: Draft environmental impact statement: alternatives 1-7; Forest plan map: visual sensitivity, east side, and west side. 
500 |a Base, Forest Service map class 'A', compiled at the Regional Office, Milwaukee, Wisconsin, 1963 from U.S. Forest Service maps, U.S. Geological Survey quadrangles, and Canadian national topographic series quadrangles; revised 1976; limited rev. 1980. 
500 |a "Michigan meridian." 
500 |a Cartographic material. 
651 0 |a Hiawatha National Forest (Mich.)  |x Maps. 
999 |a MARS 
999 f f |s c3c14b39-6fb8-3637-9a6b-44a015535150  |i 8bebbe88-2cf4-3f38-9b7e-c8fcbb89ed03  |t 0 
952 f f |p normal  |a Texas A&M University  |b College Station  |c Sterling C. Evans Library  |d Evans: Maps (2nd floor)  |t 0  |e G4112.H5 1985 .U5  |h Library of Congress classification  |i unmediated -- sheet  |m A14816673290 
952 f f |p normal  |a Texas A&M University  |b College Station  |c Sterling C. Evans Library  |d Evans: Maps (2nd floor)  |t 0  |e G4112.H5 1985 .U5  |h Library of Congress classification  |i unmediated -- sheet  |m A14816673240 
952 f f |p normal  |a Texas A&M University  |b College Station  |c Sterling C. Evans Library  |d Evans: Maps (2nd floor)  |t 0  |e G4112.H5 1985 .U5  |h Library of Congress classification  |i unmediated -- sheet  |m A14816673698 
952 f f |p normal  |a Texas A&M University  |b College Station  |c Sterling C. Evans Library  |d Evans: Maps (2nd floor)  |t 0  |e G4112.H5 1985 .U5  |h Library of Congress classification  |i unmediated -- sheet  |m A14816673397 
952 f f |p normal  |a Texas A&M University  |b College Station  |c Sterling C. Evans Library  |d Evans: Maps (2nd floor)  |t 0  |e G4112.H5 1985 .U5  |h Library of Congress classification  |i unmediated -- sheet  |m A14816673494 
952 f f |p normal  |a Texas A&M University  |b College Station  |c Sterling C. Evans Library  |d Evans: Maps (2nd floor)  |t 0  |e G4112.H5 1985 .U5  |h Library of Congress classification  |i unmediated -- sheet  |m A14816673541 
952 f f |p normal  |a Texas A&M University  |b College Station  |c Sterling C. Evans Library  |d Evans: Maps (2nd floor)  |t 0  |e G4112.H5 1985 .U5  |h Library of Congress classification  |i unmediated -- sheet  |m A14816673347 
952 f f |p normal  |a Texas A&M University  |b College Station  |c Sterling C. Evans Library  |d Evans: Maps (2nd floor)  |t 0  |e G4112.H5 1985 .U5  |h Library of Congress classification  |i unmediated -- sheet  |m A14816673444 
952 f f |p normal  |a Texas A&M University  |b College Station  |c Sterling C. Evans Library  |d Evans: Maps (2nd floor)  |t 0  |e G4112.H5 1985 .U5  |h Library of Congress classification  |i unmediated -- sheet  |m A14816673591 
952 f f |p normal  |a Texas A&M University  |b College Station  |c Sterling C. Evans Library  |d Evans: Maps (2nd floor)  |t 0  |e G4112.H5 1985 .U5  |h Library of Congress classification  |i unmediated -- sheet  |m A14816673648 
998 f f |a G4112.H5 1985 .U5  |t 0  |l Evans: Maps (2nd floor)